Notas para el estudio económico de América Latina, 1981: Panamá

Uloženo v:
Podrobná bibliografie
Korporativní autor: CEPAL
Médium: Text
Vydáno: México D.F.: CEPAL
Tagy: Přidat tag
Žádné tagy, Buďte první, kdo vytvoří štítek k tomuto záznamu!

MARC

LEADER 00000 a a2200000 04500
001 23003
003
040
090 |a 158500  
110 |a CEPAL  
245 |a Notas para el estudio económico de América Latina, 1981: Panamá  
260 |a México D.F.:   |b CEPAL  
300 |a 50 p.   |b **no definido**  
999 |c 4662  |d 4662